All 2024 Olympic Medalists: Basketball - Statistics

General Stats
  • This quiz has been taken 25 times
  • The average score is 22 of 96
Answer Stats
Event Medal Nationality/Team Medalist % Correct
Men's Tournament Gold USA Bam Adebayo
91%
Men's Tournament Gold USA Jayson Tatum
91%
Men's Tournament Gold USA LeBron James
91%
Men's Tournament Gold USA Stephen Curry
91%
Men's Tournament Gold USA Kevin Durant
87%
Men's Tournament Gold USA Anthony Davis
83%
Men's Tournament Gold USA Derrick White
78%
Men's Tournament Gold USA Joel Embiid
78%
Men's Tournament Gold USA Tyrese Haliburton
78%
Men's Tournament Gold USA Anthony Edwards
74%
Men's Tournament Bronze Serbia Nikola Jokic
74%
Men's Tournament Silver France Victor Wembanyama
74%
Men's Tournament Gold USA Jrue Holiday
70%
Men's Tournament Silver France Rudy Gobert
70%
Men's Tournament Bronze Serbia Bogdan Bogdanovic
65%
Men's Tournament Bronze Serbia Nikola Jovic
52%
Men's Tournament Silver France Evan Fournier
48%
Men's Tournament Silver France Guerschon Yabusele
48%
Men's Tournament Bronze Serbia Vasilije Micic
48%
Men's Tournament Gold USA Devin Booker
39%
Men's Tournament Silver France Nicolas Batum
35%
Women's Tournament Gold USA A'ja Wilson
30%
Men's Tournament Bronze Serbia Aleksa Avramovic
30%
Men's Tournament Bronze Serbia Filip Petrusev
30%
Men's Tournament Bronze Serbia Marko Guduric
30%
Men's Tournament Bronze Serbia Nikola Milutinov
30%
Men's Tournament Bronze Serbia Ognjen Dobric
30%
Men's Tournament Bronze Serbia Dejan Davidovac
26%
Men's Tournament Silver France Isaia Cordinier
26%
Women's Tournament Gold USA Kelsey Plum
26%
Men's Tournament Silver France Mathias Lessort
26%
Men's Tournament Bronze Serbia Uros Plavsic
26%
Men's Tournament Bronze Serbia Vanja Marinkovic
26%
Women's Tournament Bronze Australia Alanna Smith
22%
Men's Tournament Silver France Andrew Albicy
22%
Women's Tournament Gold USA Breanna Stewart
22%
Women's Tournament Gold USA Brittney Griner
22%
Women's Tournament Silver France Gabby Williams
22%
Women's Tournament Gold USA Sabrina Ionescu
22%
Men's Tournament Silver France Bilal Coulibaly
17%
Women's Tournament Gold USA Diana Taurasi
17%
Women's Tournament Bronze Australia Ezi Magbegor
17%
Men's Tournament Silver France Frank Ntilikina
17%
Women's Tournament Gold USA Napheesa Collier
17%
Women's Tournament Gold USA Jackie Young
13%
Women's Tournament Bronze Australia Lauren Jackson
13%
Men's Tournament Silver France Nando de Colo
13%
Women's Tournament Silver France Valeriane Ayayi
13%
Men's 3x3 Gold Netherlands Worthy de Jong
13%
Women's Tournament Bronze Australia Cayla George
9%
Women's Tournament Gold USA Chelsea Gray
9%
Women's 3x3 Bronze USA Hailey Van Lith
9%
Women's Tournament Bronze Australia Jade Melbourne
9%
Men's Tournament Silver France Matthew Strazel
9%
Women's Tournament Bronze Australia Stephanie Talbot
9%
Women's Tournament Bronze Australia Amy Atwell
4%
Women's 3x3 Bronze USA Dearica Hamby
4%
Men's 3x3 Gold Netherlands Dimeo van der Horst
4%
Women's Tournament Silver France Dominque Malonga
4%
Men's 3x3 Silver France Franck Seguela
4%
Women's Tournament Silver France Iliana Rupert
4%
Women's Tournament Bronze Australia Isobel Borlase
4%
Men's 3x3 Silver France Jules Rambaut
4%
Women's Tournament Gold USA Kahleah Copper
4%
Women's Tournament Bronze Australia Kristy Wallace
4%
Women's Tournament Silver France Leila Lacan
4%
Men's 3x3 Silver France Lucas Dussoulier
4%
Women's Tournament Bronze Australia Marianna Tolo
4%
Women's Tournament Silver France Marieme Badiane
4%
Women's Tournament Silver France Marine Fauthoux
4%
Women's Tournament Silver France Marine Johannes
4%
Women's 3x3 Bronze USA Rhyne Howard
4%
Women's Tournament Bronze Australia Sami Whitcomb
4%
Women's 3x3 Silver Spain Sandra Ygueravide
4%
Women's Tournament Silver France Sarah Michel
4%
Women's Tournament Bronze Australia Tess Madgen
4%
Men's 3x3 Silver France Timothe Vergiat
4%
Women's Tournament Silver France Alexia Chery
0%
Women's Tournament Gold USA Alyssa Thomas
0%
Men's 3x3 Gold Netherlands Arvin Slagter
0%
Men's 3x3 Bronze Lithuania Aurelijus Pukelis
0%
Women's 3x3 Bronze USA Cierra Burdick
0%
Women's 3x3 Gold Germany Elisa Mevius
0%
Men's 3x3 Bronze Lithuania Evaldas Dziaugys
0%
Men's 3x3 Bronze Lithuania Gintautas Matulis
0%
Women's 3x3 Silver Spain Gracia Alonso de Armino
0%
Men's 3x3 Gold Netherlands Jan Driessen
0%
Women's Tournament Silver France Janelle Salaun
0%
Women's Tournament Gold USA Jewell Loyd
0%
Women's 3x3 Silver Spain Juana Camilion
0%
Women's 3x3 Gold Germany Marie Reichert
0%
Women's Tournament Silver France Romane Bernies
0%
Men's 3x3 Bronze Lithuania Sarunas Vingelis
0%
Women's 3x3 Gold Germany Sonja Greinacher
0%
Women's 3x3 Gold Germany Svenja Brunckhorst
0%
Women's 3x3 Silver Spain Vega Gimeno
0%
No matching quizzes found
Score Distribution
Percent of People with Each Score
Percentile by Number Answered
Your Score History
You have not taken this quiz